000 01089cam0a220026500 4500
001 qce00102402
005 20190823112040.0
008 780208s1962 enka b 000 0 eng
010 _a 64007081
035 _a(Sirsi) r57756
035 _a(QCAT)lss01857708
035 _a(UPRA)qce00102402
040 _dUPRA
050 _aSF105.5
_b.M3
245 0 4 _aThe Semen of animals and artificial insemination /
_cedited by J.P. Maule.
260 _aFarnham Royal, England :
_bCommonwealth Agricultural Bureaux,
_c[1962]
490 1 _aTechnical communication of the Commonwealth Bureau of Animal Breeding and Genetics, Edinburgh, no. 15
504 _aIncludes bibliographies.
650 0 _aArtificial insemination.
_6S12306.1
650 0 _aSemen.
_6S12307.1
700 1 _aMaule, John Patrick.
_6A16761.1
810 2 _aCommonwealth Bureau of Animal Breeding and Genetics. Technical communication ;
_tCommonwealth Bureau of Animal Breeding and Genetics. Technical communication ;
_vno. 15.
_6S2736.1
949 _aSF105.5
_wlcc
_i33729001777486
_mMAIN
_p2500
_tBOOK
_lON-SHELF
004 57756
999 _c152668
_d152668